000 00226nam a2200097Ia 4500
008 230508s1984 xx 000 0 und d
041 _aeng
100 _aPADHE V.G. & JAMDAR M.G.
245 _aAPPLIED MECHANICS
260 _c1984
999 _c711353
_d711353